000 00969nam a22003017a 4500
003 CHAP
005 20220329143715.0
008 110315s1980 us r 00010 eng d
010 _a100654
011 _a101626
020 _a0 471 03902 0
035 _a112314
040 _cCHAP
082 0 4 _a541.392
_bJ45
100 1 _aJensen, William B.
_961370
245 1 4 _aThe Lewis accid - base concepts :
_ban overview
_c/por William B. Jensen
260 _aNew York :
_bA Wiley- Interscience Publication,
_cc1980
300 _a364 p. :
_bilus., gráfs.
590 _aBATCH-UPD
_b10
_c20130110
_lUCH01
_h1612
590 _aBATCH-UPD
_b10
_c20130410
_lUCH01
_h1007
590 _aBATCH-UPD
_b10
_c20130914
_lUCH01
_h1314
590 _aCONVERSION
_b10
_c20130109
_lUCH01
_h1355
650 1 4 _aEquilibrio químico.
_937258
650 1 4 _aQuímica
_xReacciones.
_993572
901 _aBK
942 _cLIBRO
949 _a541.392 J45
_bBC
_cLIBRO
_d33724002232264
_eLIBRO
_h114416
_i112314
_sb
999 _c100654
_d100654